000 00747nam a22002537a 4500
003 OSt
008 260303b2023 |||||||| |||| 00| 0 eng d
020 _a9781647824761
082 _a658.4022
_bANC-X
100 _aAncona, Deborah
245 _aX - teams :
_bhow to build teams that lead innovate and succeed /
_cDeborah Ancona and Henrik Bresman
260 _aBoston :
_bHarvard Business Review,
_c2023.
300 _axvi, 195 p. ;
650 _aTeams in the workplace
650 _aTeamwork
650 _aLeadership
650 _aOrganizational innovation
650 _aOrganizational behavior
650 _aCollaboration
650 _aHigh performance teams
650 _aManagement
700 _aBresman, Henrik
942 _2ddc
_cBK
999 _c21561
_d21561